Dve sestry novella od Vajanského
Spoločenská novela zo slovenského prostredia
| Main Author: | |
|---|---|
| Format: | Manuscript Book |
| Language: | Slovak |
| PhysicalDescription: | 34 strán, 2 nečíslované strany rukopis, voľné listy 34 cm Vydané aj v tlačenej forme |
| Published: |
[Martin]
[1882]
|
| Subjects: |
MARC
| LEADER | 00000ntmaa2200000 a 4500 | ||
|---|---|---|---|
| 001 | vtls012153418 | ||
| 003 | SK-MaSNL | ||
| 005 | 20260301192149.0 | ||
| 008 | 230802s1882 xo || 000 j slo | ||
| 035 | |a urn:nbn:sk:snk-tm00iel6 | ||
| 035 | |a 1A0AF047-257D-4B54-8F79-166DADD0F027 | ||
| 040 | |a SNKLA |b slo |c SNKLA |e AACR2 | ||
| 041 | 0 | |a slo | |
| 044 | |a xo |c SK | ||
| 072 | 7 | |a 821.162.4-3 |x Slovenská próza |2 konspekt | |
| 080 | |a 025.171 |2 2011 | ||
| 080 | |a 316.3/.6 |2 2011 | ||
| 080 | |a 821.162.4-32 |2 2011 | ||
| 080 | |a 821-32 |2 2011 | ||
| 100 | 1 | |a Vajanský, Svetozár Hurban, |d 1847-1916 |4 aut |9 110614 | |
| 245 | 1 | 0 | |a Dve sestry |b novella od Vajanského |
| 260 | |a [Martin] |c [1882] | ||
| 300 | |a 34 strán, 2 nečíslované strany |b rukopis, voľné listy |c 34 cm | ||
| 520 | 2 | |a Spoločenská novela zo slovenského prostredia | |
| 530 | |a Vydané aj v tlačenej forme | ||
| 555 | 0 | |a Inventár rukopisov Archívu literatúry a umenia Matice slovenskej XX. Fondy 134 - 138. Martin : Matica slovenská 1993 | |
| 561 | |a Okrúhla pečiatka: Literárny archív Matice slovenskej Martin | ||
| 650 | 0 | 7 | |a človek a spoločnosť |2 SNKPH |9 4102 |
| 655 | 7 | |a rukopisy |2 SNKPH |9 70548 | |
| 655 | 7 | |a slovenské novely |2 SNKPH |9 70570 | |
| 655 | 7 | |a spoločenské novely |2 SNKPH |9 70543 | |
| 787 | 0 | 8 | |i Vydané v: |t Slovenské pohľady |g Roč. 2, č. 5 (1882), s. 459-488 |
| 852 | |a Slovenská národná knižnica |b Literárny archív | ||
| 958 | |a OF | ||
| 958 | |a LAVD | ||
| 999 | |c 873449 |d 875379 | ||
| 952 | |a SNKLA |b SNKLA |c SNKLA_DEP |y NEVYP |7 0 |p 17A1230525 |o snk138 AB 9 |0 0 |1 0 |4 0 |d 2022-11-03 |f 1 |l 0 |r 2026-02-24 05:49:50 |w 2026-02-24 | ||


